| 000 | 00488nam a2200157 a 4500 | ||
|---|---|---|---|
| 001 | 000048302 | ||
| 005 | 20201002061046.0 | ||
| 008 | 181214s2014 dr a r 000 spa d | ||
| 040 |
_aDO-SdBNP _bspa _cBNPHU |
||
| 082 |
_axxx _bF316c |
||
| 100 |
_aFéliz, Rafael Nino _975041 |
||
| 245 | 1 | 0 |
_aCanto a Loma Miranda : _bla insurrección de la esperanza / _cRafael Nino Féliz. |
| 260 |
_aSanto Domingo : _bGente, _c2014. |
||
| 300 |
_a31 p. : _bil. ; _c23 cm. |
||
| 590 | _aInventariado, 2019 / DG | ||
| 999 |
_c47790 _d47790 |
||